000
00242nam a2200097Ia 4500
008
240625s9999 xx 000 0 und d
041
_a
eng
082
_a
808.20 BHA
100
_a
BHATIA KANIKA
245
_a
BUSINESS DEVELOPMENT OPPORTUNITIES AND C
999
_c
37164
_d
37164